000 01088naa a22003017a 4500
001 BR7804595
003 BR-BrBNA
005 20240918174132.0
007 ta
008 230509b bl.||||| |||| 00| 0 por d
040 _aBR-BrBNA
_bpor
_cBiblioteca Nacional de Agricultura
041 _a(Pt)
072 _aE50
_b/G514
090 _aE50 BR7804595
100 1 _aCavalcanti, A. de O.
111 1 _a1. Simposio Nacional de Ecologia
_cCuritiba, PR (Brazil)
_d26 Sep 1978
245 1 _aO programa ecologico e cultural do complexo industrial. Portuario de Suape [Ecologia humana; Recife; Brasil]
260 3 _aCuritiba, PR (Brasil):
_c1978.
500 _aAnais do 1. Simposio Nacional de Ecologia Curitiba, PR (Brasil): 1978. v. 5 p. 7-12 (BR7804595-AM)E50
650 _aSociologia rural
650 _aEcologia humana
650 _aMeio ambiente
650 _aConservacao
650 _aPernambuco
773 0 _tAnais do 1. Simposio Nacional de Ecologia
_wE50 BR7804595
_gCuritiba, PR (Brasil), 1978. v. 5 p. 7-12
909 _a202404
_bLucia
_c55
_dLucia Elande
942 _cAM
_2AGRIS
999 _c309137
_d309137